000 00312nam a2200109Ia 4500
008 200302s9999 xx 000 0 und d
100 _aPer Arnoldi
245 _aColour is Communication Selected Projects for Foster+Partners
260 _bBirkhauser-Publishers for Architecture
260 _c2007
300 _a224 P.,
999 _c2640
_d2640